El lenguaje gráfico de la locura / (Record no. 205066)

MARC details
000 -CABECERA
campo de control de longitud fija 00905nam a2200253 u 4500
005 - FECHA Y HORA DE LA ÚLTIMA TRANSACCIÓN
campo de control 20230609063537.0
008 - ELEMENTOS DE LONGITUD FIJA--INFORMACIÓN GENERAL
campo de control de longitud fija 190919s1992 r 000 0 eng d
020 ## - NÚMERO INTERNACIONAL NORMALIZADO PARA LIBROS
Número Internacional Estándar del Libro 9681637127
035 ## - NÚMERO DE CONTROL DEL SISTEMA
Número de control de sistema UPN01000232971
040 ## - FUENTE DE LA CATALOGACIÓN
Centro catalogador/agencia de origen MX-MxUPN
Lengua de catalogación spa
Centro/agencia transcriptor MX-MxUPN
050 ## - SIGNATURA TOPOGRÁFICA DE LA BIBLIOTECA DEL CONGRESO
Número de clasificación BF723 D7
Número de documento/Ítem A5.3
100 1# - ASIENTO PRINCIPAL--NOMBRE PERSONAL
Nombre de persona Andreoli, Vittorino,
Fechas asociadas al nombre 1940-
9 (RLIN) 30410
240 13 - TÍTULO UNIFORME
Título uniforme Il linguaggio grafico della follia.
Lenguaje de la obra Español
245 13 - MENCIÓN DE TÍTULO
Título El lenguaje gráfico de la locura /
Mención de responsabilidad, etc. Vittorino Andreoli ; traducción de Héctor Pérez Rincón.
260 ## - PUBLICACIÓN, DISTRIBUCIÓN, ETC.
Lugar de publicación, distribución, etc. México :
Nombre del editor, distribuidor, etc. Fondo de Cultura Económica,
Fecha de publicación, distribución, etc. 1992.
300 ## - DESCRIPCIÓN FÍSICA
Extensión 173 p.
490 ## - MENCIÓN DE SERIE
Mención de serie Sección de obras de psicología, psiquiatría y psicoanálisis.
650 #4 - ASIENTO SECUNDARIO DE MATERIA - TERMINO TEMATICO
Término de materia o nombre geográfico como elemento de entrada Psicología infantil
9 (RLIN) 90
650 #2 - ASIENTO SECUNDARIO DE MATERIA - TERMINO TEMATICO
9 (RLIN) 13607
Término de materia o nombre geográfico como elemento de entrada DIBUJOS INFANTILES -
Subdivisión general ASPECTOS PSICOLOGICOS
700 1# - ASIENTO SECUNDARIO--NOMBRE DE PERSONAL
Nombre de persona Pérez-Rincón, Héctor
Término indicativo de función/relación traductor
9 (RLIN) 44270
905 ## - TIPO DE MATERIAL
Tipo de material Libro
942 ## - ELEMENTOS DE PUNTO DE ACCESO ADICIONAL (KOHA)
Fuente del sistema de clasificación o colocación Library of Congress Classification
Tipo de ítem Koha Libro
Holdings
Estado de retiro Estado de pérdida Fuente del sistema de clasificación o colocación Estado dañado No para préstamo Código de colección Localización permanente Ubicación/localización actual Ubicación en estantería Fecha de adquisición Total de préstamos Clasificación Código de barras Fecha visto por última vez Fecha del último préstamo Número de copia Tipo de ítem Koha
    Library of Congress Classification     Colección General Bib. Gregorio Torres Quintero Bib. Gregorio Torres Quintero Planta baja 18/04/2022 2 BF723 D7 A5.3 332560 14/10/2024 11/10/2024 1 Libro